Statistics for Draw All US State Borders

Click here to take the quiz!

General Stats

  • This quiz has been taken 69,040 times
  • The average score is 82 of 107

Answers on the Map

Answers color-coded by a green-red scale on the quiz's map according to % correct below.
 

Answer Stats

Border% Correct
California-Nevada
91%
New Mexico-Texas
91%
Oregon-Washington
91%
California-Oregon
90%
Arizona-California
89%
Arizona-New Mexico
89%
Florida-Georgia
88%
North Dakota-South Dakota
88%
Arizona-Nevada
87%
Idaho-Washington
87%
Louisiana-Texas
87%
Idaho-Oregon
86%
Nevada-Oregon
86%
North Carolina-South Carolina
86%
Oklahoma-Texas
86%
Idaho-Montana
85%
Montana-North Dakota
85%
Nevada-Utah
85%
Idaho-Nevada
84%
Alabama-Florida
83%
Arizona-Utah
83%
Colorado-New Mexico
83%
Colorado-Utah
83%
Alabama-Georgia
82%
Alabama-Mississippi
82%
Georgia-South Carolina
82%
Idaho-Utah
82%
Louisiana-Mississippi
82%
Minnesota-North Dakota
82%
Montana-South Dakota
82%
Montana-Wyoming
82%
Virginia-West Virginia
82%
Colorado-Wyoming
81%
Idaho-Wyoming
81%
Arkansas-Texas
80%
Kansas-Oklahoma
80%
Michigan-Ohio
80%
Minnesota-South Dakota
80%
Utah-Wyoming
80%
Kentucky-Tennessee
79%
Maine-New Hampshire
79%
Minnesota-Wisconsin
79%
New Jersey-New York
79%
New York-Pennsylvania
79%
South Dakota-Wyoming
79%
Alabama-Tennessee
78%
Arkansas-Louisiana
78%
Illinois-Indiana
78%
Indiana-Michigan
78%
Indiana-Ohio
78%
North Carolina-Virginia
78%
Arkansas-Oklahoma
77%
Colorado-Kansas
77%
Colorado-Oklahoma
77%
Georgia-Tennessee
77%
Nebraska-South Dakota
77%
New Mexico-Oklahoma
77%
Colorado-Nebraska
76%
Kansas-Nebraska
76%
New Hampshire-Vermont
76%
Ohio-Pennsylvania
76%
Arkansas-Mississippi
75%
Illinois-Wisconsin
75%
Mississippi-Tennessee
75%
Nebraska-Wyoming
75%
Arkansas-Missouri
74%
Illinois-Iowa
74%
Iowa-Minnesota
74%
Kansas-Missouri
74%
Kentucky-Ohio
74%
New York-Vermont
74%
North Carolina-Tennessee
74%
Arkansas-Tennessee
73%
Indiana-Kentucky
73%
Iowa-Nebraska
73%
Iowa-South Dakota
73%
Iowa-Wisconsin
73%
Kentucky-West Virginia
72%
Missouri-Oklahoma
72%
Ohio-West Virginia
72%
Georgia-North Carolina
71%
Illinois-Kentucky
71%
Illinois-Missouri
71%
Iowa-Missouri
71%
Maryland-Virginia
71%
Connecticut-New York
70%
Massachusetts-New York
70%
Michigan-Wisconsin
70%
Missouri-Tennessee
70%
Pennsylvania-West Virginia
70%
Tennessee-Virginia
70%
Kentucky-Missouri
69%
Kentucky-Virginia
69%
Missouri-Nebraska
69%
Maryland-Pennsylvania
68%
Connecticut-Massachusetts
67%
Massachusetts-New Hampshire
67%
Massachusetts-Vermont
67%
Alaska
66%
Hawaii
66%
Massachusetts-Rhode Island
66%
New Jersey-Pennsylvania
66%
Connecticut-Rhode Island
65%
Delaware-Maryland
65%
Maryland-West Virginia
62%
Delaware-Pennsylvania
56%
Delaware-New Jersey
55%

Score Distribution

Percentile by Number Answered

Percent of People with Each Score

Your Score History

You have not taken this quiz